Pest control in rice : deltamethrin file
Gespeichert in:
| 1. Verfasser: | |
|---|---|
| Format: | Buch |
| Sprache: | Undetermined |
| Veröffentlicht: |
Romainville
Roussel Velaf
1993
|
| Schlagworte: | |
| Tags: |
Tag hinzufügen
Keine Tags, Fügen Sie den ersten Tag hinzu!
|
| Thư viện lưu trữ: | Trung tâm Học liệu Trường Đại học Cần Thơ |
|---|
| LEADER | 00521nam a2200181Ia 4500 | ||
|---|---|---|---|
| 001 | CTU_38647 | ||
| 008 | 210402s9999 xx 000 0 und d | ||
| 082 | |a 632.9 | ||
| 082 | |b W573 | ||
| 100 | |a Andrew Whipp | ||
| 245 | 0 | |a Pest control in rice : deltamethrin file | |
| 245 | 0 | |c Andrew Whipp | |
| 260 | |a Romainville | ||
| 260 | |b Roussel Velaf | ||
| 260 | |c 1993 | ||
| 650 | |a pesticides,pests,rice - diseases and pests - control | ||
| 904 | |i Liên, 990617 | ||
| 980 | |a Trung tâm Học liệu Trường Đại học Cần Thơ | ||